01358 a2200241 4500003000500000005001700005010001700022020001500039040000900054082001500063100002500078245009500103250001200198260006200210300001100272505060000283650002500883650001800908700003500926942001200961999001900973952012400992Nust20230822102931.0 a 2005048930 c0131862391 cNust00a005.82,TRA1 aTrappe, Wade.97359510aIntroduction to cryptography :bwith coding theory /cWade Trappe, Lawrence C. Washington. a2nd ed. aUpper Saddle River, N.J. :bPearson Prentice Hall,c2006. ap. cm. aOverview (Page-1), Classical Cryptosystems (Page-12), Basic Number Theory (Page-63), The Data Encryption Standard (Page-113) AES: Rijndael (Page-151), The RSA Algorithm (Page-164), Discrete Logarithms (Page-201), Hash Functions (Page-218), Digital Signatures (Page-244), Security Protocols (Page-256),Digital Cash (Page-287), Secret Sharing Schemes (Page-296), Games (Page-207),Zero-Knowledge Techniques (Page-316), Information Theory (Page-325), Elliptic Curves (Page-347), Lattice Methods (Page-376), Error Correcting Codes (Page-392), Quantum Techniques in Cryptography (Page-450). 0aCoding theory.93106 0aCryptography.1 aWashington, Lawrence C.973597 2ddccBK c188722d188722 00102ddc4070aMCSbMCScREFd2016-12-12o005.82,TRApMCS31963r2016-12-08w2016-12-12yBKzAlmirah No.18, Shelf No.4